000 00593nam a2200193Ia 4500
008 140626s9999 xx 000 0 und d
100 _aEggers, Thomas.
245 _aNursing staff's understanding expressions of people with advanced dementia disease /
_cThomas Eggers ... [et al.].
260 _cc2013.
300 _a27 : 1, page 19
440 _aResearch and Theory for Nursing Practice
521 _aNUR
650 _aAdvanced dementia disease.
650 _aCommunication.
650 _aContent analysis.
650 _aNursing staff.
650 _aUnderstanding.
942 _cSE
999 _c121389
_d121389